书目信息 |
| 题名: |
毛泽东建党学说论
|
|
| 作者: | 赵云南 | |
| 分册: | 上 | |
| 出版信息: | 北京 人民出版社 |
|
| 页数: | 712 | |
| 开本: | 20cm | |
| 丛书名: | ||
| 单 册: | ||
| 中图分类: | A75 | |
| 科图分类: | ||
| 主题词: | 毛泽东--传记 , 毛泽东--生平事迹 | |
| 电子资源: | ||
| ISBN: | ||
| 000 | 00500nam0 2200181 450 | |
| 001 | 0735257515 | |
| 005 | 20070904094737.51 | |
| 100 | @a20070904d km y0chiy0120 ea | |
| 101 | 0 | @achi |
| 200 | 1 | @a毛泽东建党学说论@Amao ze dong jian dang xue shuo lun@h上@f赵云南@Fzhao yun nan |
| 210 | @a北京@c人民出版社 | |
| 215 | @a712@d20cm | |
| 606 | 0 | @a毛泽东@x传记 |
| 606 | 0 | @a毛泽东@x生平事迹 |
| 690 | @aA75@v3 | |
| 701 | 0 | @a赵云南@Azhao yun nan |
| 801 | 0 | @aCN@bPFT@c20070904 |
| 905 | @a213230@dA75@ea14:1@f1 | |
| 毛泽东建党学说论.上/赵云南.-北京:人民出版社 |
| 712;20cm |
| ISBN : |
| ● |
| 相关链接 |
|
|
|
|
正题名:毛泽东建党学说论
索取号:A75/a14:1
 
预约/预借
| 序号 | 登录号 | 条形码 | 馆藏地/架位号 | 状态 | 备注 |
| 1 | 7500135 | 275001356 | 史法系资料室/ [索取号:A75/a14:1] | 在馆 |